Data analysis, data modeling, and classification (Record no. 168583)

MARC details
000 -LEADER
fixed length control field 00467nam a2200157Ia 4500
008 - FIXED-LENGTH DATA ELEMENTS--GENERAL INFORMATION
fixed length control field 231217s9999 xx 000 0 und d
041 ## - LANGUAGE CODE
Language code of text/sound track or separate title English
082 ## - DEWEY DECIMAL CLASSIFICATION NUMBER
Classification number 001.644 MOD;1 `R'
100 ## - MAIN ENTRY--PERSONAL NAME
Personal name Modell, Martin E
245 #0 - TITLE STATEMENT
Title Data analysis, data modeling, and classification
260 ## - PUBLICATION, DISTRIBUTION, ETC.
Date of publication, distribution, etc. 1992
Name of publisher, distributor, etc. New York : McGraw-Hill,
300 ## - PHYSICAL DESCRIPTION
Extent xiii+274
400 ## - SERIES STATEMENT/ADDED ENTRY--PERSONAL NAME [OBSOLETE, CAN/MARC], [LOCAL, USA]
Personal name Software engineering series
650 ## - SUBJECT ADDED ENTRY--TOPICAL TERM
Topical term or geographic name entry element Data,analysis,,data,modeling,,and,classification
942 ## - ADDED ENTRY ELEMENTS (KOHA)
Koha item type Books
Holdings
Date last seen Total checkouts Full call number Accession number Cost, total (INR) price Price effective from Category Public note Lost status Damaged status Department Withdrawn status Home library Current library Shelving location Entry date Vendor Cost, normal purchase price Grants Billnumber Billdate Currency symbol Conversion rate Discount Old discount
26/01/2024   001.644 MOD;1 `R' 20303 2280.07 26/01/2024 Books SC ST (986)     Central Library   Central Library Central Library SC-ST 28/05/2002 Sapna Book House 2605.80 SC-ST 12046 08/09/2004 RS 1 325.73 12.5

© For any Suggestions or Query, please contact the library staff @ librarian@pes.edu or Phone: +9180 2672 1983/ 2108.